[Event "Beijing FIDE GP"]
[Site "Beijing"]
[Date "2013.07.07"]
[Round "4"]
[White "Morozevich, Alexander"]
[Black "Gelfand, Boris"]
[Result "1-0"]
[WhiteElo "2736"]
[BlackElo "2773"]
[Annotator "Krasenkow,M"]
[PlyCount "67"]
[EventDate "2013.07.04"]
[EventType "tourn"]
[EventRounds "11"]
[EventCountry "CHN"]
[EventCategory "21"]
[SourceTitle "CBM 156"]
[Source "ChessBase"]
[SourceDate "2013.09.17"]
[SourceVersion "1"]
[SourceVersionDate "2013.09.17"]
[SourceQuality "1"]

1. d4 Nf6 2. c4 g6 3. Nc3 d5 4. Nf3 Bg7 5. Qb3 dxc4 6. Qxc4 O-O 7. e4 Na6 8.
Be2 c5 9. d5 e6 10. Bg5 {This old line is considered absolutely harmless.} exd5
(10... h6 {is another option.}) 11. Nxd5 Be6 (11... Qa5+ 12. Bd2 Qd8 13. Nxf6+
$5 Bxf6 14. e5) 12. Rd1 (12. O-O-O $143 {as White's king will be unsafe there:}
Bxd5 13. Rxd5 Qb6 14. Bxf6 Qxf6 15. e5 Qf5 $1 (15... Qe7 16. Rhd1 Rad8 17. Rxd8
Rxd8 18. Rxd8+ Qxd8 19. e6 $1 Qb6 $1 20. exf7+ Kf8 21. Qc2 $1 Nb4 22. Qb3 Nc6
$1 23. Qxb6 axb6 24. Bc4 Ne5 25. Nxe5 Bxe5 26. h3 $14 {_|_: 1/2 (41) Flear,G 
(2460)-Kortschnoj,V (2640) Lugano 1988}) 16. Bd3 Qc8 (16... Qe6 $5 17. Rd6 Qe7
$13 {G.Kasparov}) 17. Rd6 (17. Rd1 $2 b5 $1 18. Qh4 Nb4 $36 {0-1 (29)
Beliavsky,A (2645)-Kasparov,G (2750) Belfort 1988 CBM 008 [ChessBase]}) (17.
Be4 b5 18. Qe2 Rb8 19. Rd6 c4 20. Rc6 Nc7 21. Qe3 Rd8 22. h3 a6 23. Qa7 Rb7 24.
Qxa6 Qb8 25. Qa5 Ra7 26. Qb6 Qxb6 27. Rxb6 Rxa2 $11 {1-0 (32) Delgado,R (2105)
-Rombaldoni,D (1916) Lechenicher SchachServer 2010}) 17... Nb4 $5 (17... b5 18.
Qh4 $1 c4 19. Be4 Nc5 $1 20. Bxa8 Nd3+ 21. Kb1 Qxa8 $44) (17... Qc7 $5 {
[%cal Rg7e5,Ya8d8,Ya6b4]}) 18. Be4 Rb8 19. Kb1 b5 20. Qe2 c4 21. a3 Nd3 22.
Bxd3 cxd3 23. Qxd3 b4 $44 {1/2 (30) Piket,J (2625)-Timman,J (2595) Amsterdam
1995 CBM 050 [Ftacnik,L]}) 12... Qa5+ (12... Bxd5 13. Rxd5 Qa5+ 14. Rd2 Nc7 15.
e5 Nfd5 16. O-O h6 17. Bh4 $14 (17. Rxd5 Nxd5 18. Qxd5 hxg5 19. e6 Qd8 20. Qxc5
Rc8 $13 {1-0 (37) Lysyj,I (2656)-Gabrielian,A (2545) Yekaterinburg RUS 2013}))
13. Rd2 $146 (13. Bd2 Bxd5 14. exd5 Qb6 15. O-O Rae8 16. Rfe1 Re4 17. Qc1 Rfe8
$11 {0-1 (18) Kund,W (2255)-Ocampos,I (1900) Lechenicher SchachServer 2010})
13... Bxd5 14. exd5 Rfe8 15. Bxf6 $8 Bxf6 16. O-O Rad8 17. d6 Nb4 $132 {
Black has active pieces, which compensates for White's passed pawn.} 18. Qf4
Kg7 19. h4 h5 (19... Nd5 $1 20. Rxd5 Rxe2 21. h5 h6 $1 22. hxg6 Qb4 $1 23. Qc1
fxg6 24. Rxc5 Rxd6 $11 {was stronger but difficult to find.}) 20. Bc4 Nc6 21.
Bxf7 $5 {[%mdl 512] An unexpected sacrifice, and Black reacts wrongly!} Rf8 $2
(21... Kxf7 22. d7 Rf8 $1 (22... Re7 $4 23. Rd6) 23. Ng5+ $1 Kg8 24. Ne6 Nd4 $1
{(recommended by M.Golubev) enabled Black to hold his ground, e.g.} 25. Nxf8
Rxf8 26. b4 $1 Qd8 $1 27. bxc5 Qxd7 28. Rfd1 Ne2+ $1 29. Kf1 Nxf4 30. Rxd7 Ne6
{with a probable draw.}) 22. Bxg6 $1 {Eliminating the crucial pawn.} Be5 (22...
Kxg6 23. Rd5 $1 {now gives White a killing attack.}) 23. Qg5 Bf4 24. Qxh5 Bxd2
25. Qh7+ Kf6 26. Bh5 Ke6 27. Qg6+ Kd5 (27... Kd7 28. Bg4+) (27... Rf6 28. Bg4+)
28. Nxd2 Qxd2 29. Rd1 Qd4 30. Rxd4+ cxd4 {Black has avoided mate but White's
material advantage is decisive.} 31. b4 Rxd6 32. Qg7 Rdf6 33. Qxb7 Kc4 34. b5
1-0

[Event "Beijing FIDE GP"]
[Site "Beijing"]
[Date "2013.07.04"]
[Round "1"]
[White "Gelfand, Boris"]
[Black "Topalov, Veselin"]
[Result "0-1"]
[WhiteElo "2773"]
[BlackElo "2767"]
[Annotator "Krasenkow,M"]
[PlyCount "82"]
[EventDate "2013.07.04"]
[EventType "tourn"]
[EventRounds "11"]
[EventCountry "CHN"]
[EventCategory "21"]
[SourceTitle "CBM 156"]
[Source "ChessBase"]
[SourceDate "2013.09.17"]
[SourceVersion "1"]
[SourceVersionDate "2013.09.17"]
[SourceQuality "1"]

1. d4 Nf6 2. c4 g6 3. Nc3 d5 4. Nf3 Bg7 5. Qb3 dxc4 6. Qxc4 O-O 7. e4 Na6 8.
Be2 c5 9. d5 e6 10. O-O exd5 11. exd5 Bf5 12. Bf4 Re8 13. Rad1 Ne4 14. Nb5 {
This classic variation is a rare guest in today's practice.} g5 {An
interesting move requiring further analysis. The games played so far don't
lead to any conclusion.} (14... Qf6 {is more common.}) 15. Be3 (15. Bc1 {
is harmless:} h6 (15... g4 $5) 16. Bd3 Qb6 17. Rfe1 Nd6 18. Rxe8+ Rxe8 19. Nxd6
Bxd3 20. Rxd3 Qxd6 $132 {0-1 (61) Siekanski,J (2340)-Jasnikowski,Z (2430)
Slupsk 1989}) (15. Nxg5 $5 Nxg5 16. Nd6 {is critical but Black apparently
holds his ground:} Qf6 $1 17. Nxe8 (17. Nxb7 Qxb2 18. Qxa6 Nh3+ $1 19. gxh3
Rxe2 20. Nxc5 Bxh3 $13) 17... Rxe8 18. Qb5 {1-0 (51) Gavrileteanu,L (1827)
-Gallo,L (2009) IECG 2003} Rd8 $1 $13 19. Qxb7 $140 Bc8) 15... h6 (15... g4 $6
16. Nd2 Qh4 17. Nxe4 Rxe4 18. Qc1 Be5 19. g3 Qh3 20. Rfe1 Re8 21. Bf1 Qh5 22.
Nc3 $16 {1-0 (30) Arakelov,I (2334)-Shipilov,A Voronezh 2000}) (15... Bxb2 $5
16. d6 $44 {needs checking}) 16. d6 (16. Bd3 Nd6 $6 (16... Nb4 $5) (16... Bxb2
$5) 17. Nxd6 Bxd3 18. Rxd3 Qxd6 19. h4 $14 b5 20. Qxb5 g4 21. Nd2 $16 {1-0 (36)
Bai,J (2236)-Dolgener,T (2220) Budapest HUN 2013}) (16. Nd2 Nd6 $6 (16... Bxb2)
17. Qb3 Nxb5 18. Bxb5 Re5 19. Bc4 $14 {1-0 (28) Babula,V (2132)-Pribyl,M (2202)
Brno 1989}) (16. Qb3 $5 Qb6 17. Nd2 Nxd2 (17... Nc7 $5) 18. Rxd2 Rad8 19. Rc1
Bd7 20. d6 Re4 21. Nc3 Qxb3 22. axb3 Rb4 23. Bc4 $14 {1-0 (50) Milanovic,D 
(2378)-Jevtic,M (2350) Jahorina 2000}) 16... Qd7 17. a3 (17. Qc1 $5 {M.Golubev}
) 17... Rad8 (17... Bxb2 $5 {M.Golubev}) 18. Qc1 Qe6 19. b4 {This was the idea
behind 17.a3.} cxb4 20. Nfd4 {[%mdl 2048]} Qf6 (20... Bxd4 21. Rxd4 $5 Nxd6 22.
Qd1 Nxb5 23. Rxd8 Nc3 24. Rxe8+ Qxe8 25. Qd2 $14) 21. Nxf5 Qxf5 22. Bxa7 (22.
axb4 $142 $1 Nxb4 23. Bc4 {o^d6,^^ with excellent compensation for the pawn.})
22... Nc3 23. Nxc3 bxc3 24. Bd3 Qf6 25. Bxa6 $2 (25. Bb5 Re6 26. Bd4 Qf4 (26...
Qxd4 27. Rxd4 Bxd4 28. d7) 27. Bxc3 Qxc1 28. Rxc1 Rexd6 {, and Black should
not lose. But after the text move he seizes initiative.}) 25... bxa6 26. Bc5 $2
(26. Bd4 $142 {but after} Qxd4 $1 (26... Qf4 27. Qxf4 gxf4 28. Bxg7 Kxg7 29.
Rc1 $11) 27. Rxd4 Bxd4 28. h4 Re2 $1 29. hxg5 Rd2 {[%csl Gc3] Black's
compensation for the queen is more than sufficient (indicated by Mikhail
Golubev).}) 26... Qf5 27. Bb6 Rd7 28. a4 (28. Bc7 Re2 29. Rde1 Rd2 30. Re8+ Kh7
31. Qe1 Bd4 {is hardly enough for survival either.}) 28... Re2 29. Qa3 c2 30.
Rc1 Bf8 (30... Qd5 $5 31. Bc5 Be5) 31. Bc5 Re5 32. Bb4 (32. Be3 Bxd6 33. Qb3
Rc7 {left him no real hope.}) 32... a5 $1 33. Bc3 Bxd6 34. Qb3 Re2 35. Qc4 Rde7
36. Qc6 R7e6 37. Qc8+ Bf8 38. Bb2 Qd3 39. g3 Rd2 40. Qc3 Qxc3 41. Bxc3 Rde2 (
41... Rde2 {[%cal Rf8a3]} 42. Ra1 Rc6 43. Bd4 (43. Bxa5 Bg7) 43... Rd6 44. Bb2
Rd1 45. Bc3 Rxa1 46. Rxa1 Bc5 $19) 0-1

[Event "Corus"]
[Site "Wijk aan Zee"]
[Date "2010.01.29"]
[Round "11"]
[White "Carlsen, Magnus"]
[Black "Dominguez Perez, Leinier"]
[Result "1-0"]
[WhiteElo "2810"]
[BlackElo "2712"]
[Annotator "Krasenkow,M"]
[PlyCount "89"]
[EventDate "2010.01.16"]
[EventType "tourn"]
[EventRounds "13"]
[EventCountry "NED"]
[EventCategory "19"]
[SourceTitle "CBM 135"]
[Source "ChessBase"]
[SourceDate "2010.03.17"]
[SourceVersion "1"]
[SourceVersionDate "2010.03.17"]
[SourceQuality "1"]

1. d4 Nf6 2. c4 g6 3. Nc3 d5 4. Nf3 Bg7 5. Qb3 dxc4 6. Qxc4 O-O 7. e4 a6 8. e5
b5 9. Qb3 Nfd7 10. Ng5 $5 {A very rare move. However, in the hands of Magnus
almost every sensible continuation is strong.} Nb6 11. Be3 Nc6 12. Rd1 Bf5 {
Other options are still to be explored.} (12... h6 13. Nge4 $5) (12... Na5 13.
Qb4 Nac4 14. Bc1 Bf5 15. Bxc4 Nxc4 16. O-O $2 (16. Nge4 $5) 16... Bc2 17. e6
Bxd1 18. exf7+ Kh8 19. Rxd1 Qd7 $17 {0-1 Hanley,C (2429)-Poobalasingam,P (2312)
/Hinckley Island ENG 2010/The Week in Chess 798 (26)}) 13. Be2 (13. e6 $6 f6
14. Nf7 Qc8 15. d5 Na5 16. Qb4 Nac4 17. Bxc4 Nxc4 18. Qxe7 Nxe3 19. fxe3 Re8
20. Qc5 Bxe6 $1 21. dxe6 Qxe6 $17) 13... Na5 14. Qb4 Nac4 15. O-O f6 (15...
Nxe3 16. fxe3 Bh6 17. e4 $1) (15... c6 $5) 16. Nf3 (16. Nge4 $5 Qe8 $5 $13)
16... Nxe3 17. fxe3 fxe5 $6 (17... Nd5 18. Nxd5 Qxd5 19. Qxe7 Qxa2 $13) 18.
dxe5 Qe8 19. Qc5 Rc8 20. a4 (20. Nd4 $5 $36) 20... Nxa4 (20... Bc2 $6 21. Rde1
Nxa4 22. Nxa4 Bxa4 23. Nd4 {[%csl Ra4]}) 21. Nxa4 bxa4 22. Nd4 (22. Bxa6 Rb8
23. Bc4+ e6 24. Ng5 $5 h6 25. Rxf5 Rxf5 26. Bxe6+ Kh8 27. Bxf5 hxg5 28. Be4
Qxe5 $11) (22. g4 $1 Be6 23. Nd4 Rxf1+ 24. Rxf1 Bd7 25. Bxa6 Rb8 26. Rf2 $14)
22... Rb8 23. g4 (23. Rd2 Bh6 24. Nxf5 Rxf5 25. Rxf5 gxf5 26. Bxa6 e6 $11)
23... Be4 (23... Bd7 $6 24. Rxf8+ Bxf8 $8 25. e6) 24. Ne6 Rxf1+ 25. Bxf1 c6 26.
Ng5 (26. Bc4 $142 Bd5 $1 27. Bxd5 cxd5 28. Rxd5 h6 $11) 26... Bd5 27. e4 Bb3
28. Bc4+ e6 $1 29. Nxe6 (29. Rf1 Bxc4 30. Qxc4 Bxe5) 29... Bxc4 30. Qxc4 Kh8 $4
$138 {Black finally succumbs to pressure.} (30... Bxe5 $1 {, and the
discovered check proves harmless:} 31. Ng5+ (31. Nc5+ Qf7 32. Qxf7+ Kxf7 33.
Nd7 Re8) (31. Rf1 Qe7 $1 32. Nd8+ Kh8 33. Nxc6 (33. Nf7+ Kg7 34. Nxe5 Qxe5)
33... Bxh2+ $1 34. Kxh2 Qh4+) 31... Kh8 32. Nf7+ Kg7 {, and it is now Black
who will play for a win.}) 31. Nxg7 Kxg7 32. e6 $18 {[%csl Ge6]} Rb7 33. Qc3+
Kg8 34. Rd6 Re7 35. Rxc6 Qf8 36. Rc8 Re8 37. Rxe8 Qxe8 38. Qf6 Qc8 39. Kg2 Qc2+
40. Kh3 Qc5 41. Kh4 Qb4 42. Qf7+ Kh8 43. e7 Qe1+ 44. Kg5 Qe3+ 45. Qf4 1-0

[Event "RUS-ch 64th"]
[Site "Moscow"]
[Date "2011.08.15"]
[Round "7"]
[White "Morozevich, Alexander"]
[Black "Svidler, Peter"]
[Result "1-0"]
[WhiteElo "2694"]
[BlackElo "2739"]
[Annotator "Krasenkow,M"]
[PlyCount "61"]
[EventDate "2011.08.08"]
[EventType "tourn"]
[EventRounds "7"]
[EventCountry "RUS"]
[EventCategory "19"]
[SourceTitle "CBM 144"]
[Source "ChessBase"]
[SourceDate "2011.09.16"]
[SourceVersion "1"]
[SourceVersionDate "2011.09.16"]
[SourceQuality "1"]

1. d4 Nf6 2. c4 g6 3. Nc3 d5 4. Nf3 Bg7 5. Qb3 dxc4 6. Qxc4 O-O 7. e4 a6 8. e5
b5 9. Qb3 Nfd7 10. Be2 {A very rare move order.} (10. e6) (10. h4) (10. Be3 {
are main continuations}) ({Carlsen's experimental} 10. Ng5 {has also been
tried in a dozen games. The whole system was examined in my article in CBM 139.
The text move was not even mentioned there; however, Alexander Morozevich
infuses meaning into it.}) 10... c5 (10... Nb6 $5 11. O-O Be6 12. Qd1 c6 13. b3
Nd5 14. Bd2 Nxc3 15. Bxc3 Bd5 {1/2 Kruppa,Y (2544)-Grebionkin,V (2475)/Samara
2002/CBM 089 ext}) 11. e6 fxe6 (11... c4 $5 12. exf7+ Rxf7 13. Qd1 Nb6 14. Be3
{etc. needs checking.}) 12. Qxe6+ Kh8 13. dxc5 $1 $146 {[%mdl 8]} (13. Qd5 cxd4
$1 14. Nxd4 Qb6 $1 15. Nf3 Bb7 16. Qd1 Bxf3 {1/2 Hoffman,A (2480)-Ricardi,P 
(2575)/Villa Gesell 1997/CBM 058} 17. Bxf3 Ne5 $1 $15) (13. Qe4 cxd4 $1 14.
Nxb5 (14. Nxd4 $2 Nc5 15. Qxa8 Bxd4 $19 {0-1 Bekker Jensen,S (2305)-Sokolov,I 
(2635)/Koge 1997/EXT 2000 (20)}) 14... d3 $1 15. Qxa8 Qa5+ 16. Nc3 Bxc3+ 17.
bxc3 Qxc3+ 18. Bd2 Qxa1+ 19. Bd1 Qxa2 $15) 13... Ne5 (13... Nxc5 14. Qe3 Nbd7
15. O-O $14) 14. Qd5 (14. Qb3 Nd3+ 15. Bxd3 Qxd3 16. Be3 Nc6 17. Rd1 Qf5 $44)
14... Qxd5 15. Nxd5 Bb7 $6 (15... Nxf3+ $142 16. Bxf3 (16. gxf3 Nc6) 16... Bb7
17. Nc7 (17. Nb6 $5 Bxf3 18. gxf3 Ra7 19. Rb1 Rxf3 20. Be3 Nc6 21. O-O $14 {/=}
) 17... Bxf3 18. gxf3 Ra7 19. Ne6 Rxf3 20. Nxg7 Kxg7 21. Be3 $14 {/= In both
cases the position is close to equal but White can try to push on, thanks to
his strong c5-pawn.}) 16. Nc7 Nxf3+ 17. gxf3 $1 {This is the difference!} Bxf3
$2 {A very bad decision. Black recaptures the piece but ends up in a poor
position.} ({After} 17... Ra7 18. Ne6 Bxf3 (18... Rf5 $5 19. Nxg7 Kxg7 20. h4
$5) 19. Nxf8 Bxh1 20. Ne6 Bd5 21. Nxg7 Kxg7 22. b4 $14 {White keeps the bishop
pair, which gives him more chances than in the event of 15...Nxf3, but that
was a must for Black in any case.}) 18. Bxf3 Ra7 19. Nxb5 axb5 20. Ke2 $16 {
White has an extra pawn and the bishop pair. However, his poor development
creates serious technical difficulties. Fortunately for him, Black fails to
display any tenacity.} Ra6 (20... Nd7 $142 21. Rd1 $1 Nxc5 22. Be3 Bxb2 (22...
Rc7 23. Rac1 Ne6 24. Rxc7 Nxc7 25. Rd7 $16) 23. Bxc5 Rc7 24. Bd4+ (24. Rac1 $5
Bxc1 25. Rxc1 $16) 24... Bxd4 25. Rxd4 Rc2+ 26. Kd3 Rxf2 27. Bd5 Rxh2 28. Re1
$16) 21. Bb7 $1 Re6+ 22. Be3 Bxb2 $6 (22... Nc6 {was more stubborn}) 23. Rab1
Bd4 24. Rxb5 Na6 25. c6 Nc7 26. Rb3 Rf4 27. Rd1 Kg7 28. a4 Bc5 29. Rd7 Bd6 30.
Rd3 Ne8 31. a5 {The game is over but another chapter of the Grünfeld Defence
has been opened.} 1-0

[Event "Moscow Aeroflot op-A"]
[Site "Moscow"]
[Date "2005.02.23"]
[Round "9"]
[White "Volkov, Sergey"]
[Black "Sutovsky, Emil"]
[Result "0-1"]
[WhiteElo "2612"]
[BlackElo "2669"]
[Annotator "Krasenkow,M"]
[PlyCount "84"]
[EventDate "2005.02.15"]
[EventType "swiss"]
[EventRounds "9"]
[EventCountry "RUS"]
[SourceTitle "CBM 106"]
[Source "ChessBase"]
[SourceDate "2005.06.06"]
[SourceVersion "1"]
[SourceVersionDate "2005.06.06"]
[SourceQuality "1"]

{[%mdl 2]} 1. d4 Nf6 2. c4 g6 3. Nc3 d5 4. Nf3 Bg7 5. Qb3 dxc4 6. Qxc4 O-O 7.
e4 Na6 8. Be2 c5 9. d5 e6 10. O-O exd5 11. exd5 b6 {This old move (with idea
Nb4, Ba6) was condemned as too slow and lately superseded by} (11... Nb4) {
However, GM Emil Sutovsky appears to have a different opinion on the subject.}
12. Qh4 {This move is considered a refutation of 11...b6.} (12. Rd1 Nb4 {
was examined in CBM103, annotations to Bareev-Svidler.}) 12... Nxd5 {The other
moves are insufficient for equality:} (12... Nb4 13. Bg5 $1 {[%cal Rc3e4]} h6 (
13... Bb7 14. Ne4 Nbxd5 15. Bc4 $18 {1-0 Culp,B-Peltier,J/IECC 2000/Telechess
CBM 89 (43)}) (13... Bf5 14. Rad1 b5 15. d6 Re8 16. Bxb5 Re6 17. Bc4 {1-0
Vladimirov,E-Fette,M/Groningen 1989/EXT 98}) 14. Bxh6 Nbxd5 (14... Bxh6 $5 15.
Qxh6 Nbxd5 16. Ng5 $5 (16. Rad1 Nxc3 17. bxc3 Ng4)) 15. Ng5 $5 (15. Rad1 Nxc3
16. bxc3 Qe8 17. Bc4 Bb7 18. Rfe1 Qc6 19. Re7 Rae8 20. Rde1 Rxe7 21. Rxe7 Nd5
$1 22. Bxg7 Kxg7 23. Ne5 Qf6 24. Qxf6+ Kxf6 25. Rxb7 Kxe5 $13 {_|_1/2-1/2
Crespo,R-Domancich,E/CADAP 2000/ICCF tele 9/2002 (34)}) 15... Ne7 16. Rfd1 Qc7
17. Bd3 (17. Nb5 $5) 17... Nh5 (17... Nf5 $5 18. Bxf5 $140 Bxf5 19. Nd5 Nxd5
20. Rxd5 Bxh6 21. Qxh6 f6) 18. Bxg7 Kxg7 19. Nb5 Qb8 20. Be4 $16 {1/2-1/2
Kacheishvili,G-Kalantarian,N/Yerevan 1996/CBM 052 ext (48)}) (12... Nc7 13. Bg5
h6 (13... Bb7 14. Ne4 $1 Nce8 $8 15. Rad1 $16) (13... Qd6 14. Bf4 Qd8 15. Rad1
Bb7 16. Bc4 Re8 17. Ng5 Ncxd5 18. Nxd5 Bxd5 19. Bxd5 $2 (19. Rxd5 $1 Nxd5 20.
Qxh7+ Kf8 21. Nxf7 $1 Kxf7 22. Bh6 Rg8 23. Rd1 $18) 19... Nxd5 20. Qxh7+ Kf8
$13 {1/2-1/2 Olafsson,F-Spiridonov,N/Athens 1969/MCD (37)}) 14. Bxh6 Nfxd5 15.
Ng5 (15. Bg5 Qd7 16. Nxd5 Qxd5 17. Rfd1 Qe6 18. Rd2 Qg4 $11 {0-1 Kragelj,
I-Sebenik,M/Dobrna 2002/CBM 089 ext (34)}) 15... Nxc3 16. bxc3 Qf6 17. Bxg7
Qxg7 18. Rfe1 (18. Bc4 $143 b5 19. Ne4 Qh8 20. Qf4 bxc4 21. Qxc7 Bf5 22. Nd6
Bd3 $132 {0-1 Lugovoi,A-Sergienko,S/St Petersburg 2000/EXT 2001 (37)}) 18...
Be6 (18... Ne6 19. Bc4 Nxg5 20. Qxg5 Bf5 21. Re3 Rad8 22. Rae1 $16 {1-0
Gershon,A-Prasad,D/Biel 2001/CBM 083 ext (42)}) 19. Qg3 (19. Ne4 $5 f5 20. Ng5
$16) 19... Rac8 20. Rad1 Bf5 21. a4 Ne6 22. Nxe6 Bxe6 23. a5 Rfd8 $14 {0-1
Peetoom,F-Fricot,F/IECG 2003/Telechess CBM 99 (40)}) 13. Bg5 ({White can
immediately win an exchange:} 13. Nxd5 Qxd5 14. Ng5 h6 15. Bf3 hxg5 16. Bxg5 {
but it is not so clear:} Qd4 17. Qxd4 (17. Bxa8 $143 Qxh4 18. Bxh4 Nb4 19. Be4
Bxb2 20. Rab1 Bd4 21. a3 Na2 22. Rfe1 Nc3 23. Rbc1 Nxe4 24. Rxe4 Be6 $44 {
xBh4 0-1 Meijer,K-Fricot,F/Chessfriend.com 2003/Telechess CBM 101 (41)}) 17...
Bxd4 18. Bxa8 Bxb2 19. Rad1 Nb4 20. Bf3 Be6 $132 {1-0 Madureira,J-Caponero,M/
SEMI 1997/Telechess CBM 93 (37)}) 13... Qd6 (13... Qd7 14. Rad1 (14. Nxd5 $5)
14... Nxc3 (14... Nac7 $142) 15. bxc3 Qc6 16. Be7 Bb7 17. Bxf8 Rxf8 18. Rd8 $16
{1-0 Korotylev,A-Polovodin,I/St Petersburg 2001/CBM 082 ext (26)}) 14. Rad1 $6
({I am curious what Emil had prepared to} 14. Nxd5 Qxd5 15. Rad1 {[+]} ({or} 
15. Rfd1 $5) {In the only game played with this continuation Black suffered a
crushing defeat:} 15... Qb7 (15... Qxa2 16. Be7 $16) (15... Qc6 16. Be7 Re8 17.
Ng5 h6 18. Nxf7 $1 Kxf7 19. Bc4+ Be6 20. Rd6 $18) 16. Bh6 Qc6 17. Ng5 Qf6 18.
Bxg7 Qxg7 19. Rfe1 Nc7 20. Bf3 Rb8 {What a difference in the position of
pieces!} 21. Qg3 f6 22. Qd6 {[%cal Cf6g5,Re1e7] 1-0 Frey,K-Siefring,C/IECG
2001/Telechess CBM 91}) 14... Nac7 {Black now misteriously holds on!} 15. Nxd5
(15. Bc4 Bb7 16. Ne4 Qc6) 15... Nxd5 16. Bc4 Bb7 17. Rd2 f6 18. Rfd1 $6 {
A dubious piece sacrifice.} (18. Bf4 $142 Qe6 19. Re1 Qf5 20. Red1 Rad8 $13 {
The pin is "dead" but not "deadly" as White can't make real use of it.}) 18...
fxg5 19. Nxg5 $2 (19. Qxg5 {(relatively best) enabled White to restore the
material balance but the resulting endgame is slightly better for Black, who
has B vs N in an open position, with an asymmetric pawn structure:} h6 20. Rxd5
$1 Bxd5 21. Qxd5+ Qxd5 22. Bxd5+ Kh8 23. Bxa8 Rxa8 $15) 19... Rf5 20. Qxh7+ Kf8
21. Ne4 Qe6 (21... Qf4 $1 22. Qxg6 Bd4 {was probably even stronger.}) 22. Ng3
Re5 23. Rd3 Re1+ 24. Rxe1 Qxe1+ 25. Nf1 Nf6 26. Qxg6 Qe8 27. Qg3 b5 $2 {
A careless move.} (27... Rd8 $142 {and White has no sufficient compensation
for the piece, e.g.} 28. Re3 Qd7 29. Qg6 (29. Rd3 Qe7 30. Re3 Qd6) 29... Bd5
30. Rd3 Bxc4 $1 31. Rxd7 Rxd7 $19) 28. Re3 $2 {White misses a chance to save
the game:} (28. Bxb5 $1 Qxb5 29. Qd6+ Kf7 (29... Kg8 30. Qe6+ Kf8 31. Qd6+ $11)
30. Qc7+ Kg8 31. Rb3 {recapturing the piece, after which White shouldn't lose.}
) 28... Qb8 $1 29. Bxb5 (29. Re7 $5 {was the last but insufficient chance:}
Qxg3 30. Rf7+ Kg8 31. Rxb7+ bxc4 32. Nxg3 Rd8 33. f3 Rd7 $19) 29... Qxg3 (29...
Bd5 $5) 30. Nxg3 {The material balance in this position is practically the
same as in that arising after 28.Bxb5 (see above). However, the difference is
quite significant: here Black has a pair of bishops and initiative.} Ng4 31.
Rb3 {This only helps Black but after} (31. Re2 Rd8 {Black should gradually win
anyway.}) 31... Bd5 32. Rd3 Bd4 33. Rd2 Bxa2 34. Nf5 Bxf2+ $1 {the simplest}
35. Rxf2 Nxf2 36. Kxf2 Rb8 37. Bc6 Rb6 38. Bf3 Rxb2+ 39. Ke3 a5 40. Kd3 Bb1+
41. Kc3 Rc2+ 42. Kb3 c4+ 0-1